Basic electronics

It includes new problems and questions at the end of each chapter, sidebar features throughout the text, and a critical thinking component. The new full-color design makes it easy for students to read circuit diagrams and other important visuals. HyperGraphics, an interactive multimedia program desi...

Descrizione completa

Salvato in:
Dettagli Bibliografici
Autore principale: Grob, Bernard
Natura: Libro
Lingua:Undetermined
Pubblicazione: New York McGraw-Hill 1984
Soggetti:
Tags: Aggiungi Tag
Nessun Tag, puoi essere il primo ad aggiungerne! !
Thư viện lưu trữ: Trung tâm Học liệu Trường Đại học Cần Thơ
LEADER 00893nam a2200205Ia 4500
001 CTU_219440
008 210402s9999 xx 000 0 und d
020 |c 2.00 
082 |a 621.381 
082 |b G873 
100 |a Grob, Bernard 
245 0 |a Basic electronics 
245 0 |c Bernard Grob 
260 |a New York 
260 |b McGraw-Hill 
260 |c 1984 
520 |a It includes new problems and questions at the end of each chapter, sidebar features throughout the text, and a critical thinking component. The new full-color design makes it easy for students to read circuit diagrams and other important visuals. HyperGraphics, an interactive multimedia program designed to correlate with Glencoe electronics texts, is available for Grob: Basic Electronics. 
650 |a Electronics,Điện tử 
904 |i Hải 
980 |a Trung tâm Học liệu Trường Đại học Cần Thơ